[Event "Rector Cup MGSU"]
[Site "Moscow RUS"]
[Date "2012.11.11"]
[Round "9.5"]
[White "Korneev, O."]
[Black "Popov, Iv RUS"]
[Result "0-1"]
[WhiteElo "2602"]
[BlackElo "2624"]
[PlyCount "80"]
[EventDate "2012.11.09"]
[SourceDate "1999.07.01"]

1. e4 c5 2. Nf3 d6 3. d4 cxd4 4. Nxd4 Nf6 5. Nc3 a6 6. Be3 e6 7. f3 b5 8. Qd2
Nbd7 9. g4 b4 10. Nce2 h6 11. O-O-O Qc7 12. Kb1 d5 13. exd5 Nxd5 14. Nf4 N7b6
15. Bd3 Bc5 16. Nxd5 Nxd5 17. Be4 Bb7 18. Bf2 Qb6 19. Qe1 Nc3+ 20. bxc3 bxc3+
21. Nb3 Bxf2 22. Qe2 Bxe4 23. Qxe4 O-O 24. Ka1 Rad8 25. Rb1 Bh4 26. Rhf1 Be7
27. Nc1 Qc7 28. Rb7 Qd6 29. Nd3 Qxh2 30. Kb1 Rb8 31. Rb3 a5 32. f4 a4 33. Qxa4
Ra8 34. Qe4 Rxa2 35. Rxc3 Rfa8 36. Rc1 Qd2 37. Rc7 Ra1+ 38. Kb2 Bf6+ 39. Kb3
R1a3+ 40. Kc4 Qc3+ 0-1

[Event "Rector Cup MGSU"]
[Site "Moscow RUS"]
[Date "2012.11.11"]
[Round "11.7"]
[White "Korneev, O."]
[Black "Chernobay, A."]
[Result "1-0"]
[WhiteElo "2602"]
[BlackElo "2502"]
[PlyCount "119"]
[EventDate "2012.11.09"]
[SourceDate "1999.07.01"]

1. e4 c5 2. Nf3 d6 3. d4 cxd4 4. Nxd4 Nf6 5. Nc3 a6 6. Be3 e5 7. Nf3 Be7 8. Bc4
O-O 9. O-O Bg4 10. h3 Bh5 11. Bb3 Nbd7 12. g4 Bg6 13. Nh4 b5 14. Nf5 Nc5 15.
Nd5 Bxf5 16. exf5 Nxd5 17. Bxd5 Rc8 18. Qd2 h6 19. Rad1 Bg5 20. Bxg5 Qxg5 21.
Qxg5 hxg5 22. Rd2 Rfd8 23. Rfd1 Kf8 24. c3 Ke7 25. Kg2 Rc7 26. Kg3 a5 27. h4
gxh4+ 28. Kxh4 Rb8 29. Kg3 b4 30. c4 b3 31. a3 Na4 32. f3 Rc5 33. Rh1 Nb6 34.
Rh7 Nxd5 35. Rxd5 Rxd5 36. cxd5 Rc8 37. g5 Rc2 38. Rxg7 Kf8 39. Rh7 Rxb2 40.
Rh8+ Kg7 41. Rb8 Rb1 42. a4 b2 43. Kg2 Kh7 44. Rb7 Kg8 45. f6 Rd1 46. Rxb2 Rxd5
47. Rb7 Rd4 48. Kg3 Rxa4 49. Ra7 d5 50. Re7 Rd4 51. Rxe5 Kh7 52. f4 a4 53. Re7
Kg6 54. Kg4 Re4 55. Ra7 Rc4 56. Ra8 Kh7 57. Rf8 Rc7 58. Kh5 Rc1 59. Rxf7+ Kg8
60. Ra7 1-0

[Event "TCh-ESP CECLUB Div Honor 2012"]
[Site "Leon ESP"]
[Date "2012.11.06"]
[Round "2.1"]
[White "Alsina Leal, D."]
[Black "Cheparinov, I."]
[Result "0-1"]
[WhiteElo "2536"]
[BlackElo "2710"]
[PlyCount "70"]
[EventDate "2012.11.05"]
[SourceDate "1999.07.01"]
[WhiteTeam "C.E. Barcelona Uga"]
[BlackTeam "Linex-Magic Extremadura"]

1. e4 c5 2. Nf3 d6 3. d4 cxd4 4. Nxd4 Nf6 5. Nc3 a6 6. Bg5 Nbd7 7. Qe2 h6 8.
Bh4 b5 9. Nd5 Nxd5 10. exd5 Nb6 11. O-O-O Qc7 12. Bg3 Bb7 13. Nf5 Rd8 14. Ne3
g6 15. f4 Bg7 16. Be1 Qc5 17. Qd3 Na4 18. c3 b4 19. Nc4 bxc3 20. bxc3 Qc7 21.
f5 gxf5 22. Qc2 Nc5 23. Qxf5 O-O 24. Bd2 e6 25. Qh5 Bxd5 26. Bxh6 f5 27. Bxg7
Qxg7 28. Rd4 Ne4 29. Kc2 Rc8 30. Qf3 Nd2 31. Qf4 Nxc4 32. Bxc4 Qxg2+ 33. Rd2
Qe4+ 34. Qxe4 Bxe4+ 35. Kb3 Rb8+ 0-1

[Event "TCh-ESP CECLUB Div Honor 2012"]
[Site "Leon ESP"]
[Date "2012.11.10"]
[Round "6.3"]
[White "Ponomariov, R."]
[Black "Cheparinov, I."]
[Result "1/2-1/2"]
[WhiteElo "2741"]
[BlackElo "2710"]
[PlyCount "59"]
[EventDate "2012.11.05"]
[SourceDate "1999.07.01"]
[WhiteTeam "Gros Xake-Taldea"]
[BlackTeam "Linex-Magic Extremadura"]

1. e4 c5 2. Nf3 d6 3. d4 cxd4 4. Nxd4 Nf6 5. Nc3 a6 6. g3 e5 7. Nb3 Be7 8. Bg2
O-O 9. O-O Be6 10. Re1 Nbd7 11. a4 Nb6 12. Nd2 Rc8 13. Nf1 d5 14. exd5 Nbxd5
15. Nxd5 Nxd5 16. c3 Bc5 17. Ne3 Bxe3 18. Bxe3 f6 19. a5 Nxe3 20. Rxe3 Qc7 21.
Rd3 Rfd8 22. Be4 g6 23. Bd5 Bxd5 24. Rxd5 Kg7 25. Ra4 Rxd5 26. Qxd5 Rd8 27. Rc4
Qe7 28. Qc5 Qe6 29. Kg2 Rd7 30. Rb4 1/2-1/2

[Event "TCh-ESP CECLUB Div Honor 2012"]
[Site "Leon ESP"]
[Date "2012.11.10"]
[Round "6.4"]
[White "Harikrishna, P."]
[Black "Dominguez Perez, L."]
[Result "1-0"]
[WhiteElo "2692"]
[BlackElo "2726"]
[PlyCount "130"]
[EventDate "2012.11.05"]
[SourceDate "1999.07.01"]
[WhiteTeam "C.A. Solvay"]
[BlackTeam "Sestao Naturgas Energia"]

1. e4 c5 2. Nf3 d6 3. d4 cxd4 4. Nxd4 Nf6 5. Nc3 a6 6. Be2 e5 7. Nb3 Be7 8. Bg5
Be6 9. Bxf6 Bxf6 10. Qd3 Bg5 11. Rd1 Nc6 12. a3 O-O 13. O-O Rc8 14. h3 Qb6 15.
Bg4 Nd4 16. Bxe6 fxe6 17. Nxd4 exd4 18. Ne2 e5 19. Rb1 Bd8 20. c3 Qb3 21. Rfd1
Bb6 22. cxd4 Qxd3 23. Rxd3 Rc2 24. Kf1 Bxd4 25. f3 Bxb2 26. Rb3 Bd4 27. Nxd4
exd4 28. Rxb7 Rfc8 29. Rb8 Rxb8 30. Rxb8+ Kf7 31. Rb4 Rc1+ 32. Kf2 Rc2+ 33. Kg3
Rd2 34. Rb6 Ke7 35. Rxa6 d3 36. Ra5 Ra2 37. a4 Ke6 38. Rd5 Rxa4 39. Rxd3 Ra2
40. h4 Rb2 41. Ra3 h5 42. Ra5 g6 43. Rg5 Kf6 44. Kf4 Rf2 45. g3 Rf1 46. Ra5 Rf2
47. Ra3 Rg2 48. Rd3 Ke6 49. g4 hxg4 50. fxg4 Rg1 51. Kg5 Rg2 52. Rd5 Re2 53.
Kxg6 Rxe4 54. Rg5 Rf4 55. h5 Rf6+ 56. Kg7 Rf7+ 57. Kg8 Ra7 58. h6 Kf6 59. Rg7
Ra8+ 60. Kh7 d5 61. g5+ Ke6 62. g6 d4 63. Rb7 d3 64. g7 d2 65. Rb1 Kd5 1-0

[Event "TCh-ESP CECLUB Div Honor 2012"]
[Site "Leon ESP"]
[Date "2012.11.10"]
[Round "6.4"]
[White "Vachier Lagrave, M."]
[Black "Negi, P."]
[Result "1/2-1/2"]
[WhiteElo "2711"]
[BlackElo "2638"]
[PlyCount "99"]
[EventDate "2012.11.05"]
[SourceDate "1999.07.01"]
[WhiteTeam "Sestao Naturgas Energia"]
[BlackTeam "C.A. Solvay"]

1. e4 c5 2. Nf3 d6 3. d4 cxd4 4. Nxd4 Nf6 5. Nc3 a6 6. h3 e6 7. g4 d5 8. exd5
Nxd5 9. Nde2 Bb4 10. Bg2 O-O 11. O-O Bxc3 12. Nxc3 Nxc3 13. bxc3 Qc7 14. Qd4 e5
15. Qe3 Be6 16. Rb1 Nc6 17. Qb6 Qxb6 18. Rxb6 Na5 19. Ba3 Rfd8 20. Bb4 Nc6 21.
Rxb7 Nxb4 22. cxb4 Rac8 23. a4 Rxc2 24. Ra1 g6 25. a5 Bc4 26. Rc7 Bd3 27. Rxc2
Bxc2 28. Bc6 Bd3 29. Rd1 Rc8 30. Rxd3 Rxc6 31. Rd5 e4 32. Rd4 Rc1+ 33. Kg2 Re1
34. g5 e3 35. fxe3 Rxe3 36. Rd6 Re4 37. Rb6 Kg7 38. Kf3 Rh4 39. Ke2 h6 40.
gxh6+ Kxh6 41. Kd3 Kg7 42. Kc3 Rxh3+ 43. Kc4 Rh4+ 44. Kb3 Rh3+ 45. Ka4 Rh1 46.
Rxa6 Ra1+ 47. Kb3 g5 48. Kb2 Ra4 49. Kb3 Ra1 50. Kb2 1/2-1/2

[Event "Chigorin Mem Rapid"]
[Site "St Petersburg RUS"]
[Date "2012.10.26"]
[Round "5.8"]
[White "Negi, P."]
[Black "Alsina Leal, D."]
[Result "1/2-1/2"]
[WhiteElo "2657"]
[BlackElo "2528"]
[PlyCount "117"]
[EventDate "2012.10.25"]
[SourceDate "1999.07.01"]

1. e4 c5 2. Nf3 d6 3. d4 cxd4 4. Nxd4 Nf6 5. Nc3 a6 6. Be3 e5 7. Nf3 Qc7 8. a4
Be7 9. Be2 O-O 10. O-O b6 11. Bg5 Nbd7 12. Nd2 h6 13. Be3 Bb7 14. Bc4 Nxe4 15.
Ndxe4 Bxe4 16. Nxe4 Qxc4 17. Qg4 Qe6 18. Qxe6 fxe6 19. Nxd6 Bxd6 20. Rfd1 Bc5
21. Rxd7 Rfd8 22. Rad1 Rxd7 23. Rxd7 Rc8 24. c3 b5 25. axb5 axb5 26. Bxc5 Rxc5
27. Rb7 h5 28. h4 Kh7 29. Rb6 Kg8 30. Rb7 Kh7 31. Kf1 Kg6 32. Ke2 Kf6 33. Ke3
g5 34. hxg5+ Kxg5 35. Ke4 Kf6 36. g3 Rc4+ 37. Kd3 Rc5 38. b4 e4+ 39. Kxe4 Rxc3
40. Rxb5 h4 41. gxh4 Rc4+ 42. Kd3 Rxh4 43. Rb8 Ke5 44. b5 Rf4 45. Ke3 Re4+ 46.
Kf3 Rb4 47. b6 Kd6 48. Kg3 Kc6 49. Rc8+ Kd7 50. Rc7+ Kd6 51. Rb7 Kc6 52. Re7
Kd6 53. Rb7 Kc6 54. Rc7+ Kd6 55. Rb7 Kc6 56. Rb8 Rxb6 57. Rxb6+ Kxb6 58. Kf4
Kc7 59. Ke5 1/2-1/2

[Event "TCh-SVK Extraliga 2012-13"]
[Site "Slovakia SVK"]
[Date "2012.10.27"]
[Round "1.6"]
[White "Vovk, Y."]
[Black "Ftacnik, L."]
[Result "1/2-1/2"]
[WhiteElo "2587"]
[BlackElo "2547"]
[PlyCount "95"]
[EventDate "2012.10.27"]
[SourceDate "1999.07.01"]
[WhiteTeam "KOSICE 7 Statocnych"]
[BlackTeam "BRATISLAVA slovan"]

1. e4 c5 2. Nf3 d6 3. d4 cxd4 4. Nxd4 Nf6 5. Nc3 a6 6. Be2 e6 7. O-O Nc6 8. Be3
Be7 9. f4 O-O 10. Qe1 Nxd4 11. Bxd4 b5 12. Rd1 Bb7 13. Bf3 Qc7 14. e5 dxe5 15.
fxe5 Nd5 16. Nxd5 Bxd5 17. Bxd5 exd5 18. e6 Bd6 19. h3 Rae8 20. exf7+ Qxf7 21.
Qc3 Qg6 22. Rxf8+ Rxf8 23. Qb3 Qg3 24. Qxg3 Bxg3 25. Rd3 Bf4 26. Rc3 Re8 27.
Kf2 Rf8 28. Ke2 Re8+ 29. Kd1 Re4 30. Rc8+ Kf7 31. c3 Be5 32. Bxe5 Rxe5 33. Ra8
Rg5 34. g4 h5 35. Ra7+ Kf8 36. Rxa6 hxg4 37. hxg4 Rxg4 38. Rb6 d4 39. Rxb5 dxc3
40. bxc3 Ra4 41. Rb2 Ke7 42. Kc2 Ra7 43. Kd3 Kd6 44. Kd4 g5 45. c4 g4 46. Rh2
Rg7 47. c5+ Kc7 48. Ke4 1/2-1/2

[Event "Bundesliga 2012-13"]
[Site "Bremen GER"]
[Date "2012.11.10"]
[Round "3"]
[White "Shirov, A."]
[Black "Areshchenko, A."]
[Result "1-0"]
[WhiteElo "2718"]
[BlackElo "2710"]
[PlyCount "61"]
[EventDate "2012.10.20"]
[EventType "team"]
[SourceDate "1999.07.01"]
[WhiteTeam "OSC Baden-Baden"]
[BlackTeam "SV Werder Bremen"]

1. e4 c5 2. Nf3 d6 3. d4 cxd4 4. Nxd4 Nf6 5. Nc3 a6 6. h3 e5 7. Nb3 Be6 8. Be3
Be7 9. Qf3 O-O 10. g4 a5 11. Bb5 Na6 12. O-O-O Nc7 13. Bb6 Qc8 14. Bxc7 Qxc7
15. a4 Rfc8 16. Qe2 Qd8 17. Kb1 Nd7 18. Nd5 Bxd5 19. exd5 Nb6 20. Qe4 g6 21. f4
exf4 22. Qxf4 Bg5 23. Qe4 Rc7 24. h4 Bf6 25. h5 Rac8 26. hxg6 hxg6 27. c3 Nc4
28. Rdf1 Nxb2 29. g5 Bxc3 30. Qh4 Bg7 31. Nd4 1-0

[Event "Chigorin Memorial"]
[Site "St Petersburg RUS"]
[Date "2012.11.03"]
[Round "8.4"]
[White "Akopian, Vl"]
[Black "Popov, Iv RUS"]
[Result "1/2-1/2"]
[WhiteElo "2703"]
[BlackElo "2614"]
[PlyCount "80"]
[EventDate "2012.10.27"]
[SourceDate "1999.07.01"]

1. e4 c5 2. Nf3 d6 3. d4 cxd4 4. Nxd4 Nf6 5. Nc3 a6 6. Be3 e6 7. f3 b5 8. Qd2
Nbd7 9. g4 b4 10. Nce2 h6 11. O-O-O Qc7 12. h4 d5 13. Bg2 Nb6 14. b3 dxe4 15.
Bf4 e3 16. Qd3 e5 17. Bxe5 Qxe5 18. f4 Qc5 19. Bxa8 Nxa8 20. Nc6 Bd7 21. Nb8
Nb6 22. Nxd7 Nfxd7 23. Rh3 Be7 24. Rxe3 O-O 25. g5 Rc8 26. Kb1 Nd5 27. Rg3 N7b6
28. gxh6 Bf6 29. Rdg1 Nc3+ 30. Nxc3 bxc3 31. Rxg7+ Bxg7 32. Rxg7+ Kf8 33. Qh7
Qd5 34. Rg1 Nc4 35. Ka1 Na3 36. Qh8+ Ke7 37. Qxc8 Nxc2+ 38. Kb1 Na3+ 39. Ka1
Nc2+ 40. Kb1 Na3+ 1/2-1/2

[Event "16th OIBM 2012"]
[Site "Bad Wiessee GER"]
[Date "2012.10.31"]
[Round "5.3"]
[White "Pap, M."]
[Black "Nyzhnyk, I."]
[Result "1/2-1/2"]
[WhiteElo "2513"]
[BlackElo "2620"]
[PlyCount "40"]
[EventDate "2012.10.27"]
[SourceDate "1999.07.01"]

1. e4 c5 2. Nf3 d6 3. d4 cxd4 4. Nxd4 Nf6 5. Nc3 a6 6. Bg5 e6 7. f4 h6 8. Bh4
Qb6 9. Qd3 Qxb2 10. Rb1 Qa3 11. f5 Be7 12. fxe6 fxe6 13. Be2 O-O 14. O-O Qa5
15. Kh1 Nc6 16. Nxc6 bxc6 17. e5 Qxe5 18. Bg3 Qa5 19. Ne4 Qd5 20. Nxd6 Bd7
1/2-1/2

[Event "TCh-NED Meesterklasse 2012-13"]
[Site "Netherland NED"]
[Date "2012.11.03"]
[Round "3.1"]
[White "Solleveld, Maa"]
[Black "Giri, A."]
[Result "0-1"]
[WhiteElo "2518"]
[BlackElo "2730"]
[PlyCount "100"]
[EventDate "2012.09.15"]
[SourceDate "1999.07.01"]
[WhiteTeam "Accres Apeldoorn"]
[BlackTeam "En Passant"]

1. e4 c5 2. Nf3 d6 3. d4 cxd4 4. Nxd4 Nf6 5. Nc3 a6 6. f4 e5 7. Nf3 Nbd7 8. a4
Qc7 9. Bd3 Be7 10. O-O O-O 11. Kh1 Nc5 12. Qe1 Re8 13. fxe5 dxe5 14. Qg3 Bd8
15. Nh4 Nh5 16. Qf3 Nf4 17. Bxf4 exf4 18. Nf5 Bxf5 19. exf5 Re3 20. Rae1 Bf6
21. Rxe3 fxe3 22. Qxe3 Qc6 23. Ne4 Nxa4 24. b3 Nc3 25. Nxc3 Qxc3 26. Qb6 Rb8
27. Bc4 Qe5 28. Qb4 b5 29. Bd3 Re8 30. Qa5 Qd6 31. Re1 Rc8 32. Re4 Bc3 33. b4
Be5 34. g3 g6 35. fxg6 hxg6 36. Qa2 Kg7 37. Re3 Rh8 38. Rf3 f5 39. Kg2 g5 40.
h3 g4 41. Rxf5 Qc6+ 42. Kf1 Rf8 43. hxg4 Rxf5+ 44. gxf5 Qf3+ 45. Kg1 Qxg3+ 46.
Kf1 Qf3+ 47. Kg1 Bd4+ 48. Kh2 Qf2+ 49. Kh3 Be5 50. f6+ Kh6 0-1

[Event "TCh-CZE Extraliga 2012-13"]
[Site "Czech Republic CZE"]
[Date "2012.11.03"]
[Round "1.3"]
[White "Fedorov, Alex"]
[Black "Jaracz, P."]
[Result "1-0"]
[WhiteElo "2590"]
[BlackElo "2548"]
[PlyCount "63"]
[EventDate "2012.11.03"]
[SourceDate "1999.07.01"]
[WhiteTeam "BSS Frydek-Mistek"]
[BlackTeam "SK Zikuda Turnov"]

1. e4 c5 2. Nf3 d6 3. d4 cxd4 4. Nxd4 Nf6 5. Nc3 a6 6. h3 e6 7. g4 Be7 8. g5
Nfd7 9. h4 b5 10. a3 Bb7 11. Be3 Nb6 12. f4 N8d7 13. f5 Nc5 14. Qg4 Nba4 15.
Nxa4 bxa4 16. O-O-O Qb6 17. fxe6 fxe6 18. Nxe6 Nb3+ 19. Kb1 Qxe3 20. Bh3 Bc8
21. cxb3 Qxb3 22. Nxg7+ Kf8 23. Ne6+ Bxe6 24. Qxe6 Qxe6 25. Bxe6 Kg7 26. Rc1
Ra7 27. Rhf1 Rb8 28. Rf7+ Kg6 29. Bd5 Rb5 30. h5+ Kxg5 31. Rg1+ Kh6 32. Rgg7
1-0

[Event "TCh-CZE Extraliga 2012-13"]
[Site "Czech Republic CZE"]
[Date "2012.11.04"]
[Round "2.1"]
[White "Navara, D."]
[Black "Najer, E."]
[Result "1-0"]
[WhiteElo "2710"]
[BlackElo "2647"]
[PlyCount "161"]
[EventDate "2012.11.03"]
[SourceDate "1999.07.01"]
[WhiteTeam "AD Mahrla Praha"]
[BlackTeam "Vystaviste Lysa nad Labem"]

1. e4 c5 2. Nf3 d6 3. d4 cxd4 4. Nxd4 Nf6 5. Nc3 a6 6. Be2 e5 7. Nb3 Be7 8. O-O
O-O 9. Re1 Be6 10. Bf3 Nbd7 11. a4 Rc8 12. a5 Rc4 13. Be3 Qc7 14. Nd2 Rb4 15.
Qc1 Rc8 16. Nf1 b6 17. axb6 Nxb6 18. Rxa6 Nc4 19. Ra7 Qd8 20. b3 Nxe3 21. Rxe3
Nd7 22. Qe1 Bg5 23. Rd3 Rd4 24. Rxd4 exd4 25. Nb5 Qb6 26. Qa5 Qc5 27. Nxd6 Qxd6
28. Qxg5 d3 29. cxd3 Qxd3 30. Rc7 Rb8 31. Bg4 Qd6 32. Rc3 h6 33. Qh4 Qf4 34. h3
Ne5 35. g3 Qxe4 36. Bxe6 Qxh4 37. Bxf7+ Kxf7 38. gxh4 h5 39. Kg2 Rb4 40. Kg3
Ng6 41. Ne3 Ne7 42. Rd3 Rb6 43. Nc4 Rg6+ 44. Kf4 Rg1 45. Ke5 Rf1 46. Nd6+ Kg8
47. Ne4 Ng6+ 48. Kf5 Kh7 49. Rd6 Nxh4+ 50. Kg5 Re1 51. Re6 Ng6 52. h4 Rd1 53.
Rd6 Re1 54. Rd4 Rg1+ 55. Ng3 Rg2 56. Kxh5 Rxf2 57. Ne4 Nf4+ 58. Kg4 Ne6 59.
Nxf2 Nxd4 60. b4 Kg6 61. Ne4 Nb5 62. Ng5 Nc7 63. h5+ Kh6 64. Nf7+ Kh7 65. Kf5
Nb5 66. Kg5 Nd4 67. Ne5 Nb5 68. Ng6 Kg8 69. Ne7+ Kf7 70. Nf5 Nc7 71. Nd4 Nd5
72. b5 Ke7 73. Nf5+ Kf7 74. Ne3 Nb6 75. Kf5 Nc8 76. Nc4 Ne7+ 77. Ke5 g5 78. Ne3
Nc8 79. h6 Kg6 80. Ng4 Ne7 81. Kd6 1-0

[Event "4th Marcel Duchamp GM"]
[Site "Buenos Aires ARG"]
[Date "2012.10.26"]
[Round "4"]
[White "Alonso, S."]
[Black "Mareco, S."]
[Result "1-0"]
[WhiteElo "2506"]
[BlackElo "2581"]
[PlyCount "115"]
[EventDate "2012.10.23"]
[SourceDate "1999.07.01"]

1. e4 c5 2. Nf3 d6 3. d4 cxd4 4. Nxd4 Nf6 5. Nc3 a6 6. h3 e6 7. g4 Be7 8. Bg2
Nc6 9. Be3 O-O 10. Qe2 Nxd4 11. Bxd4 e5 12. Be3 Be6 13. O-O-O Rc8 14. Nd5 Bxd5
15. exd5 Nd7 16. Qd2 h6 17. Kb1 Bh4 18. Be4 Re8 19. Rdg1 g6 20. g5 Nc5 21. Bxc5
Rxc5 22. gxh6 Kh8 23. Qd3 Rc7 24. c3 Rg8 25. Qf3 f5 26. Bc2 Qf6 27. Qe3 Rc5 28.
f3 Re8 29. Rg2 g5 30. Qd3 Rf8 31. Rhg1 Qxh6 32. a3 Rc7 33. Qe2 Qf6 34. Qd3 Rff7
35. Qe2 Kg8 36. Qe3 Rc5 37. Rxg5+ Bxg5 38. Rxg5+ Kf8 39. Rxf5 Qh4 40. Rxe5 Re7
41. Rxe7 Qxe7 42. Qf4+ Ke8 43. Be4 Qf8 44. Qg4 Rc7 45. h4 Kd8 46. h5 Re7 47.
Qg5 Kc7 48. h6 Rxe4 49. fxe4 Qf1+ 50. Qc1 Qd3+ 51. Ka1 Qxe4 52. Qb1 Qxd5 53. h7
Qh5 54. Qe4 Qh3 55. Qc4+ Kd7 56. Qf7+ Kc6 57. Qe8+ Kc5 58. h8=Q 1-0

[Event "28th European Club Cup"]
[Site "Eilat ISR"]
[Date "2012.10.11"]
[Round "1.8"]
[White "Bok, B."]
[Black "Navara, D."]
[Result "1/2-1/2"]
[WhiteElo "2530"]
[BlackElo "2722"]
[PlyCount "148"]
[EventDate "2012.10.11"]
[SourceDate "1999.07.01"]
[WhiteTeam "Eynatten"]
[BlackTeam "G-Team Novy Bor"]

1. e4 c5 2. Nf3 d6 3. d4 cxd4 4. Nxd4 Nf6 5. Nc3 a6 6. Be3 e6 7. f3 b5 8. Qd2
b4 9. Na4 Nbd7 10. c4 bxc3 11. Nxc3 Bb7 12. Be2 Be7 13. O-O O-O 14. Rac1 Qb8
15. Rfd1 Rd8 16. Kh1 d5 17. exd5 Nxd5 18. Nxd5 Bxd5 19. Bc4 Nf6 20. Bxd5 Rxd5
21. Qc2 Bd6 22. h3 Qb7 23. Ne2 h6 24. Nc3 Rxd1+ 25. Rxd1 Be5 26. Bd4 Bxd4 27.
Rxd4 Rb8 28. b3 Rc8 29. Qd3 Qb6 30. Qd2 Nh5 31. Ne4 f5 32. Rd6 Qb5 33. Rd8+
Rxd8 34. Qxd8+ Kh7 35. Nd2 Qc5 36. Nc4 Qf2 37. Qb6 Qe2 38. Qd4 Qxa2 39. Qe5
Qxb3 40. Qxe6 Ng3+ 41. Kh2 Nf1+ 42. Kg1 Ne3 43. Qxe3 Qxc4 44. Qd2 Qc5+ 45. Kh2
a5 46. Qd7 Qc2 47. Qd5 a4 48. Qa5 f4 49. h4 Qc6 50. h5 Qe8 51. Qf5+ Kg8 52.
Qd5+ Kh8 53. Qa5 Qc6 54. Qd8+ Kh7 55. Qa5 Kg8 56. Kh1 Qd7 57. Qa6 Kf8 58. Qa5
Qd4 59. Qa8+ Ke7 60. Qb7+ Kd6 61. Qa6+ Kd7 62. Qb7+ Ke6 63. Qc6+ Kf7 64. Qb7+
Ke8 65. Qa8+ Ke7 66. Qb7+ Qd7 67. Qe4+ Kd6 68. Qd4+ Kc7 69. Qa7+ Kd8 70. Qa8+
Ke7 71. Qe4+ Kf7 72. Qxf4+ Kg8 73. Qb8+ Kh7 74. Qb1+ Kh8 1/2-1/2

[Event "28th European Club Cup"]
[Site "Eilat ISR"]
[Date "2012.10.12"]
[Round "2.3"]
[White "Svidler, P."]
[Black "Zhigalko, A."]
[Result "1/2-1/2"]
[WhiteElo "2747"]
[BlackElo "2582"]
[PlyCount "82"]
[EventDate "2012.10.11"]
[SourceDate "1999.07.01"]
[WhiteTeam "Saint-Petersburg Chess Federation"]
[BlackTeam "Vesnianka Gran"]

1. e4 c5 2. Nf3 d6 3. d4 cxd4 4. Nxd4 Nf6 5. Nc3 a6 6. Be2 e5 7. Nb3 Be7 8. O-O
O-O 9. a4 Be6 10. Bf3 Nbd7 11. a5 Rc8 12. Re1 Rc4 13. Re3 Re8 14. Rd3 Qc7 15.
Be3 Rc8 16. h3 h6 17. Qc1 Rb4 18. Na2 Ra4 19. Nc3 Rxa1 20. Qxa1 Nc5 21. Nxc5
dxc5 22. Qa4 Bd8 23. Nd5 Bxd5 24. exd5 Qxa5 25. Qxa5 Bxa5 26. Rb3 b6 27. Ra3 c4
28. d6 Rd8 29. Ra4 Rxd6 30. Rxc4 Bd2 31. Rc8+ Kh7 32. Bxd2 Rxd2 33. Kf1 Rd6 34.
Be2 a5 35. Bd3+ g6 36. Rc7 Kg7 37. Re7 Re6 38. Rb7 Rd6 39. Re7 e4 40. Bxe4 Kf8
41. Re5 Nxe4 1/2-1/2

[Event "28th European Club Cup"]
[Site "Eilat ISR"]
[Date "2012.10.12"]
[Round "2.4"]
[White "Shirov, A."]
[Black "Volokitin, And"]
[Result "1/2-1/2"]
[WhiteElo "2718"]
[BlackElo "2724"]
[PlyCount "81"]
[EventDate "2012.10.11"]
[SourceDate "1999.07.01"]
[WhiteTeam "Ugra"]
[BlackTeam "Ashdod"]

1. e4 c5 2. Nf3 d6 3. d4 cxd4 4. Nxd4 Nf6 5. Nc3 a6 6. h3 e5 7. Nb3 Be6 8. Be3
Be7 9. Qf3 O-O 10. O-O-O b5 11. g4 b4 12. Nd5 Nxd5 13. exd5 Bc8 14. Bd3 a5 15.
Nc5 a4 16. Ne4 Ba6 17. g5 b3 18. a3 Qc8 19. c3 Bxd3 20. Rxd3 Nd7 21. Rg1 f5 22.
gxf6 Nxf6 23. Nxf6+ Rxf6 24. Qg4 Qf8 25. Rdd1 Qf7 26. h4 Rg6 27. Qe4 Rxg1 28.
Rxg1 Bxh4 29. Rh1 g5 30. Kd2 Bxf2 31. Bxg5 Qg6 32. Qxg6+ hxg6 33. Ke2 Bc5 34.
Rh6 Kg7 35. Rh4 Ra5 36. Rc4 Ra7 37. Kd3 Kf7 38. Rh4 Kg7 39. Rc4 Kf7 40. Rh4 Kg7
41. Rc4 1/2-1/2

[Event "28th European Club Cup"]
[Site "Eilat ISR"]
[Date "2012.10.12"]
[Round "2.10"]
[White "Palac, M."]
[Black "Burg, T."]
[Result "1-0"]
[WhiteElo "2600"]
[BlackElo "2502"]
[PlyCount "53"]
[EventDate "2012.10.11"]
[SourceDate "1999.07.01"]
[WhiteTeam "Siroki Brijeg"]
[BlackTeam "Amay"]

1. e4 c5 2. Nf3 d6 3. d4 cxd4 4. Nxd4 Nf6 5. Nc3 a6 6. Be3 e5 7. Nb3 Be7 8. h3
Be6 9. Qf3 O-O 10. g4 b5 11. g5 Ne8 12. h4 Nd7 13. Nd5 Rc8 14. O-O-O g6 15. Qg2
Bxd5 16. exd5 Qc7 17. Bd3 Nc5 18. Nxc5 dxc5 19. h5 c4 20. Be4 Nd6 21. hxg6 fxg6
22. Qh3 Bd8 23. Qe6+ Rf7 24. Rxh7 Nxe4 25. Qxg6+ Rg7 26. Qe8+ Kxh7 27. Rh1# 1-0

[Event "28th European Club Cup"]
[Site "Eilat ISR"]
[Date "2012.10.13"]
[Round "3.2"]
[White "Volokitin, And"]
[Black "Areshchenko, A."]
[Result "1/2-1/2"]
[WhiteElo "2724"]
[BlackElo "2710"]
[PlyCount "82"]
[EventDate "2012.10.11"]
[SourceDate "1999.07.01"]
[WhiteTeam "Ashdod"]
[BlackTeam "Tomsk-400"]

1. e4 c5 2. Nf3 d6 3. d4 cxd4 4. Nxd4 Nf6 5. Nc3 a6 6. Bg5 e6 7. f4 Qb6 8. Qd2
Qxb2 9. Nb3 Qa3 10. Bxf6 gxf6 11. Be2 Nc6 12. O-O Bg7 13. Rf3 O-O 14. Raf1 f5
15. exf5 exf5 16. Rg3 Kh8 17. Nd5 Be6 18. Rxg7 Kxg7 19. Qc3+ f6 20. Nc7 Bxb3
21. axb3 Qc5+ 22. Qxc5 dxc5 23. Nxa8 Rxa8 24. Bf3 Rd8 25. Bxc6 bxc6 26. Ra1 c4
27. b4 Rd2 28. c3 Rc2 29. Rxa6 Rxc3 30. Rxc6 Rc1+ 31. Kf2 c3 32. Kg3 Rb1 33.
Rxc3 Rxb4 34. Rf3 Kg6 35. Kh4 Rb2 36. Kh3 Rc2 37. Kg3 Rb2 38. Rf2 Rb3+ 39. Kh4
Rb4 40. g3 Ra4 41. Rb2 Rc4 1/2-1/2

[Event "28th European Club Cup"]
[Site "Eilat ISR"]
[Date "2012.10.13"]
[Round "3.4"]
[White "Leko, P."]
[Black "Shirov, A."]
[Result "0-1"]
[WhiteElo "2734"]
[BlackElo "2718"]
[PlyCount "138"]
[EventDate "2012.10.11"]
[SourceDate "1999.07.01"]
[WhiteTeam "SHSM-64"]
[BlackTeam "Ugra"]

1. e4 c5 2. Nf3 d6 3. d4 cxd4 4. Nxd4 Nf6 5. Nc3 a6 6. Be3 e6 7. f3 b5 8. Qd2
Nbd7 9. g4 Nb6 10. a4 Nc4 11. Bxc4 bxc4 12. a5 Bb7 13. Na4 d5 14. g5 Nd7 15.
O-O-O dxe4 16. f4 Rb8 17. Qc3 Qe7 18. Nf5 exf5 19. Rxd7 Qxd7 20. Qe5+ Be7 21.
Qxb8+ Qc8 22. Qe5 f6 23. gxf6 gxf6 24. Qd4 Qc6 25. Nc5 Bxc5 26. Qxc5 Qxc5 27.
Bxc5 Rg8 28. Rg1 Rg4 29. Rxg4 fxg4 30. Kd2 Kd7 31. Bf2 Kc6 32. Ke3 Kd5 33. Bh4
f5 34. Bf6 Bc6 35. b4 cxb3 36. cxb3 h5 37. Be7 Be8 38. Kd2 Kd4 39. Bf6+ Kc5 40.
Kc3 Bb5 41. Be7+ Kd5 42. Kd2 Bd3 43. Kc3 Bf1 44. Kd2 Kd4 45. Bf6+ Kc5 46. Be7+
Kb5 47. b4 Kc4 48. Ke1 Bd3 49. Kd2 Kb3 50. Ke3 Kc3 51. Bh4 Kxb4 52. Be1+ Kc5
53. Bh4 Bb5 54. Be1 Bd7 55. Bh4 Kb5 56. Be1 h4 57. Bxh4 Kxa5 58. Kd4 Kb5 59.
Be7 a5 60. Kc3 Be6 61. Kd4 Bc4 62. Bh4 Bf1 63. Be7 Ka4 64. Kc3 e3 65. Bh4 Ka3
66. Kc2 a4 67. Be7+ Ka2 68. Bc5 e2 69. Bb4 a3 0-1

[Event "28th European Club Cup"]
[Site "Eilat ISR"]
[Date "2012.10.14"]
[Round "4.6"]
[White "Brkic, A."]
[Black "Volokitin, And"]
[Result "0-1"]
[WhiteElo "2575"]
[BlackElo "2724"]
[PlyCount "90"]
[EventDate "2012.10.11"]
[SourceDate "1999.07.01"]
[WhiteTeam "Siroki Brijeg"]
[BlackTeam "Ashdod"]

1. e4 c5 2. Nf3 d6 3. d4 cxd4 4. Nxd4 Nf6 5. Nc3 a6 6. Be2 e5 7. Nb3 Be7 8. Be3
Be6 9. Nd5 Nxd5 10. exd5 Bc8 11. Qd2 h6 12. Na5 Bg5 13. Qb4 Bxe3 14. fxe3 O-O
15. O-O Nd7 16. Nc4 Nf6 17. Rad1 b5 18. Nxd6 Qb6 19. c4 Qxe3+ 20. Rf2 Rd8 21.
Rd3 Qa7 22. c5 a5 23. Qxb5 Rb8 24. Qc4 Ba6 25. Qc2 Bxd3 26. Bxd3 Rxd6 27. cxd6
Ng4 28. d7 Rd8 29. Bb5 Qxf2+ 30. Qxf2 Nxf2 31. Kxf2 f5 32. g4 fxg4 33. Kg3 h5
34. Kh4 g6 35. Kg5 Kg7 36. a3 Kf7 37. b4 axb4 38. axb4 Ke7 39. Bc6 Kd6 40. b5
Rf8 41. b6 e4 42. b7 e3 43. Bb5 Kc7 44. Be2 Kxb7 45. Kxg6 Kc7 0-1